{"text_format":"3","workbook":"xlsx","n_sheets":3,"sheets":["Sheet1","Sheet2","Sheet3"],"read":"whole","date_system":"1900"}

{"sheet":"Sheet1","index":0,"n_rows":10,"n_cols":8,"rows_kept":10,"merged":[[0,0,0,7],[8,0,8,5],[8,6,8,7],[9,0,9,7]]}
["秋水广场喷泉池木桥改造项目招标控制价"]
["序号","名称","规格","计量单位","工程量","单价","总价","备注"]
[1,"微晶石栈道板","2400*300*25","m2",500,{"$f":"335+40","v":375},{"$f":"E3*F3","v":187500},"1、植物纤维>=10%\n2、微晶石粉比例>=25%\n3、水泥<=20%；\n4、饱水平均抗折强度：13MPa；\n5、弹性模量：>8000MPa；\n6、耐磨性/磨抗长度(mm)：26.9；\n7、防滑性（BPN）：>35；\n8、A类抗冻性≥0.85；\n9、耐干湿性能≥0.9；通体色"]
[2,"热镀锌方管","50*50*3","t",15,6770,101550,"1、方管间距中对中30公分，架设至原钢结构栈道上做为微晶石龙骨。\n2、工程量为暂定，最终按实际铺设工程量为准,钢材损耗按百分之5计算。"]
[3,"拆除原栈道板",null,"m2",500,4.49,2245,"拆除原栈道板"]
[4,"拆除原龙骨",null,"m2",{"$f":"E5","v":500},7.72,3860,"拆除原栈道板龙骨"]
[4,"外运1KG","垃圾外运","m3",{"$f":"E5*0.2","v":100},14.38,1438,"工程量暂定，最终按实际发生为准。"]
[5,"外运每增加1KG","垃圾外运","m3",{"$f":"E7*30","v":3000},3.26,9780,"暂按30KG计算\n（垃圾弃运运距由甲方进行确认）"]
["合计(元)",{"$nulls":5},{"$f":"G3+G4+G5+G7+G8+G6","v":306373}]
["备注：\n1、以上材料报价需包含主材、辅材、安装、机械、运输、税金、利润等一切费用。\n2、工程量按实际发生为准。"]

{"sheet":"Sheet2","index":1,"n_rows":0,"n_cols":0,"rows_kept":0}

{"sheet":"Sheet3","index":2,"n_rows":0,"n_cols":0,"rows_kept":0}